Statistics for Provinces of Italy, with a Map

Click here to take the quiz!

General Stats

  • This quiz has been taken 16,535 times
  • The average score is 64 of 110

Answers on the Map

Answers color-coded by a green-red scale on the quiz's map according to % correct below.
 

Answer Stats

Provinces% Correct
Roma
96%
Milano
94%
Venezia
93%
Napoli
92%
Torino
90%
Firenze
89%
Genova
89%
Palermo
88%
Bari
85%
Bologna
85%
Trieste
81%
Cagliari
80%
Pisa
80%
Verona
77%
Aosta
76%
Catania
74%
Padova
72%
Bolzano
71%
Messina
71%
Parma
71%
Udine
71%
Bergamo
69%
Lecce
69%
Reggio Calabria
69%
Trento
69%
Ancona
68%
Siracusa
68%
Como
67%
Perugia
67%
Rimini
67%
Brescia
66%
Modena
66%
Salerno
66%
L'Aquila
65%
La Spezia
65%
Lucca
65%
Livorno
64%
Taranto
64%
Siena
62%
Ravenna
61%
Sassari
61%
Reggio Emilia
60%
Agrigento
59%
Ferrara
59%
Foggia
59%
Catanzaro
58%
Vicenza
58%
Brindisi
57%
Latina
57%
Monza e Brianza
57%
Pescara
57%
Potenza
57%
Alessandria
56%
Trapani
56%
Campobasso
54%
Mantova
54%
Savona
54%
Cosenza
53%
Crotone
53%
Forlì-Cesena
53%
Pavia
53%
Piacenza
53%
Treviso
53%
Cremona
52%
Cuneo
52%
Gorizia
52%
Grosseto
52%
Imperia
52%
Matera
52%
Ragusa
52%
Varese
52%
Viterbo
52%
Arezzo
51%
Asti
50%
Avellino
50%
Benevento
50%
Lecco
50%
Massa-Carrara
50%
Novara
50%
Pesaro e Urbino
50%
Prato
50%
Enna
49%
Frosinone
49%
Nuoro
48%
Terni
48%
Barletta-Andria-Trani
47%
Belluno
47%
Caserta
47%
Pordenone
47%
Olbia-Tempio
46%
Chieti
45%
Lodi
45%
Rovigo
45%
Sondrio
45%
Vibo Valentia
45%
Isernia
44%
Ascoli Piceno
43%
Biella
43%
Caltanissetta
43%
Vercelli
43%
Pistoia
42%
Rieti
42%
Macerata
41%
Teramo
41%
Oristano
40%
Verbano-Cusio-Ossola
40%
Fermo
37%
Carbonia-Iglesias
31%
Ogliastra
25%
Medio Campidano
23%

Score Distribution

Percentile by Number Answered

Percent of People with Each Score

Your Score History

You have not taken this quiz